000 00738nam a2200241Ia 4500
003 OSt
005 20220923224108.0
006 a|||||r|||| 00| 0
007 ta
008 Pun
024 _a225,564
037 _cTextual
040 _aARTS
_cARTS
_bPun
041 _2Pun
_aPun
082 _aO153,3NAJ:g, P4
100 _aਕਰਾਜ਼ਤੀ ਪਾਲ, ਥਦ.
_9159305
245 0 _aਅਜੀਤ ਕੈਰ ਦਾ ਕਥਾ-ਬੋਧ
260 _aਅੰਮ੍ਰ੍ਰਿਤਸਰ
_b ਰੂਹੀ ਪ੍ਰਕਾFਨ
_c2004
300 _a112ਪੰ
_ccm.
650 _aਪੰਜਾਬੀ ਸਾਹਿਤ
942 _hO153,3NAJ:g, P4
_cTEXL
_2CC
999 _c369189
_d369189